Kymenlaakson Kunnat - Kartta Visa - Statistics

Yleistilastot
  • Tätä visaa on pelattu 89 kertaa
  • Keskiarvotulos 5 / 6
Vastaukset kartalla
Vastauksille on annettu kartalla punavihreä väri sen mukaan, kuinka moni on saanut sen oikein.
 
Vastaustilastot
Vastaus % Oikein
Kouvola
90%
Hamina
82%
Kotka
78%
Pyhtää
78%
Virolahti
78%
Miehikkälä
77%
Ehtoja vastaavia visoja ei löytynyt
Tulosjakauma
Jokaisen tuloksen saaneiden osuus
Persentiili vastausten määrän mukaan
Tuloshistoriasi
Et ole pelannut tätä visaa